Programovanie v jazyku LISP

Na minha lista:
Detalhes bibliográficos
Autor principal: Molnár, Ľudovít
Outros Autores: Návrat, Pavol
Formato: Livro
Idioma:eslovaco
Publicado em: Bratislava Alfa 1988
Edição:1. vyd.
Colecção:Edícia výpočtovej techniky
Tags: Adicionar Tag
Sem tags, seja o primeiro a adicionar uma tag!

MARC

LEADER 00000nam a2200000 4500
001 c028551
005 20250522115829.0
041 0 |a slo 
044 |a SK 
245 1 0 |a Programovanie v jazyku LISP  |c Ľudovít Molnár, Pavol Návrat 
250 |a 1. vyd. 
264 1 |a Bratislava  |b Alfa  |c 1988 
300 |a 261 s. 
490 1 |a Edícia výpočtovej techniky 
830 0 |a Edícia výpočtovej techniky 
100 1 |a Molnár, Ľudovít 
700 1 |a Návrat, Pavol